Culture générale - Quiz #12 - Statistiques

Statistiques générales
  • Ce quiz a été pris 63 047 fois
  • Le résultat moyen est 8 sur 20
Statistiques - réponses
Question Réponse % Correct
De quel dieu grec Triton était-il le fils ? Poséidon
76%
Quelle est la plus grande ville japonaise dont le nom commence par O ? Osaka
73%
Que signifient les initiales « P.S.» à la fin d'une lettre ? Post-scriptum
73%
Quel était l'ancien nom d'Istanbul ? Constantinople
67%
Selon Hobbes, quelle créature "est un loup pour l'homme"? L'homme
67%
À quelle race appartiennent Bilbon et Frodon ? Hobbit
64%
De quel pays est originaire le sauna ? De Finlande
54%
Quelle guerre majeure s'est déroulée entre les années 1950 et 1953 ? La guerre de Corée
54%
Un cube possède une arête de 5 mètres. Quelle est la superficie totale de sa surface ? 150 m²
45%
Quel fleuve majeur possède six zones de rapides, appelées "cataractes" ? Le Nil
43%
Quel nom porte le château du Roi Arthur ? Camelot
40%
Qui a composé "La Chevauchée des Walkyries" ? Richard Wagner
39%
Et quel nom portait-elle encore avant cela ? Byzance
34%
Qui aurait déclaré "L'État, c'est moi" ? Louis XIV
28%
De quel prénom « Sacha » est-il un diminutif dans les langues slaves ? Alexandre/Alexandra
23%
Quel fut le premier pays au monde à utiliser le Bitcoin comme monnaie légale ? Le Salvador
18%
Son nom de naissance était Farrokh Bulsara, mais il a utilisé un nom de scène qu'il a officialisé par la suite. De qui s'agit-il ? Freddie Mercury
16%
Quel écrivain fut l'objet d'une fatwa émise par l'Ayatollah Khomeini en 1989, pour en exiger la mise à mort, après la publication de son roman "Les Versets Sataniques" ? Salman Rushdie
13%
Quel État étatsunien est le plus proche de l'Afrique ? Le Maine
12%
Quelle est la capitale de la province canadienne de la Saskatchewan ? Regina
4%
Aucun quiz correspondant
Distribution des résultats
% des personnes avec chaque résultat
Percentile par nombre de réponses
Votre historique - résultats
Vous n’avez pas pris ce quiz